000 00278nam a22001097a 4500
008 240509b |||||||| |||| 00| 0 eng d
022 _a0046-9092
041 _aENGLISH
245 _aINDIAN WELDING JOURNAL
260 _aKOLKATA
_bTHE INDIAN INSTITUTE OF WELDING
942 _cJN
_s1
999 _c357927
_d357927